Computational Fluid Dynamics:Principles and Applications. (Record no. 5612)

MARC details
000 -LEADER
fixed length control field 00581nam a22002057a 4500
003 - CONTROL NUMBER IDENTIFIER
control field OSt
005 - DATE AND TIME OF LATEST TRANSACTION
control field 20170301135547.0
008 - FIXED-LENGTH DATA ELEMENTS--GENERAL INFORMATION
fixed length control field http://koha.must.ac.ug:8080/cgi-bin/koha/cataloguing/addbiblio.pl?frameworkcode=BKS#
020 ## - INTERNATIONAL STANDARD BOOK NUMBER
International Standard Book Number 0080445063
040 ## - CATALOGING SOURCE
Transcribing agency DDC.
082 ## - DEWEY DECIMAL CLASSIFICATION NUMBER
Classification number 532.05BLA 2005
100 ## - MAIN ENTRY--PERSONAL NAME
Personal name Blazek,J;
9 (RLIN) 11723
245 ## - TITLE STATEMENT
Title Computational Fluid Dynamics:Principles and Applications.
250 ## - EDITION STATEMENT
Edition statement 2nd ed.
260 ## - PUBLICATION, DISTRIBUTION, ETC. (IMPRINT)
Place of publication, distribution, etc. Amsterdam.
Name of publisher, distributor, etc. Elsevier;
Date of publication, distribution, etc. 2005.
300 ## - PHYSICAL DESCRIPTION
Extent xix,470p;
Other physical details ill:
Dimensions 27cm.
504 ## - BIBLIOGRAPHY, ETC. NOTE
Bibliography, etc includes index.
650 ## - SUBJECT ADDED ENTRY--TOPICAL TERM
Topical term or geographic name as entry element Physics.
9 (RLIN) 809
942 ## - ADDED ENTRY ELEMENTS (KOHA)
Source of classification or shelving scheme Dewey Decimal Classification
Koha item type Newspaper
Holdings
Withdrawn status Lost status Source of classification or shelving scheme Damaged status Not for loan Home library Current library Date acquired Source of acquisition Inventory number Total Checkouts Full call number Barcode Date last seen Price effective from Koha item type
    Dewey Decimal Classification     MUST Main Library MUST Main Library 01/03/2017   08/29623   532.05BLA 2005 2017-0297 01/03/2017 01/03/2017 Open Shelf
    Dewey Decimal Classification     MUST Main Library MUST Main Library 21/06/2024 Purchase 2008/29623   532.05BLA 2005 2024-20999 21/06/2024 21/06/2024 Open Shelf